000 00561cam a22002291 4500
001 sa 65009195
003 DLC
005 20260227112200.0
008 890802s1963 ii 000 1 urdr
010 _asa 65009195
035 _a(OCoLC)20114921
040 _aDLC
_cWaU
_dDLC
042 _apremarc
050 0 0 _aPK2200.C5
_bE43 1963b
100 1 _aChandar, Krishan.
245 1 0 _aEk vāʼīlan samundar ke kināre.
260 _c[1963]
300 _a356 p.
_c19 cm.
500 _aIn Urdu.
500 _aText partially vocalized.
500 _aA novel.
999 _c66067
_d66067